BSOP header

Dictionary for theological interpretation of the Bible / (Record no. 32914)

MARC details
000 -LEADER
fixed length control field 01142nam a2200289 4500
008 - FIXED-LENGTH DATA ELEMENTS--GENERAL INFORMATION
fixed length control field 090220s2005 enk bd 001 0 eng
020 ## - INTERNATIONAL STANDARD BOOK NUMBER
International Standard Book Number 028105780X (U.K. edition)
020 ## - INTERNATIONAL STANDARD BOOK NUMBER
International Standard Book Number 0801026946 (U.S. edition) :USD54.99/L21.00
090 ## - LOCALLY ASSIGNED LC-TYPE CALL NUMBER (OCLC); LOCAL CALL NUMBER (OCLC)
Classification number (OCLC) (R) ; Classification number, CALL (RLIN) (NR) BS440
Local cutter number (OCLC) ; Book number/undivided call number, CALL (RLIN) D56v
-- 2005
245 00 - TITLE STATEMENT
Title Dictionary for theological interpretation of the Bible /
Statement of responsibility, etc Kevin J. Vanhoozer, general editor ; Craig G. Bartholomew, Daniel J. Treier, and N.T. Wright, associate editors.
260 ## - PUBLICATION, DISTRIBUTION, ETC. (IMPRINT)
Place of publication, distribution, etc London :
Name of publisher, distributor, etc SPCK ;
Place of publication, distribution, etc Grand Rapids, Mich. :
Name of publisher, distributor, etc Baker Academic,
Date of publication, distribution, etc c2005.
300 ## - PHYSICAL DESCRIPTION
Extent 896 p. ;
Dimensions 26 cm.
336 ## - CONTENT TYPE
Content Type Term text
337 ## - MEDIA TYPE
Media Type Term unmediated
338 ## - CARRIER TYPE
Carrier Type Term volume
504 ## - BIBLIOGRAPHY, ETC. NOTE
Bibliography, etc Includes bibliographical references and indexes.
630 04 - SUBJECT ADDED ENTRY--UNIFORM TITLE
Uniform title Bible
General subdivision Criticism, interpretation, etc.
Form subdivision Dictionaries.
630 04 - SUBJECT ADDED ENTRY--UNIFORM TITLE
Uniform title Bible
General subdivision Theology
Form subdivision Dictionaries.
951 ## - EQUIVALENCE OR CROSS-REFERENCE-GEOGRAPHIC NAME/AREA NAME [OBSOLETE] [CAN/MARC only]
General subdivision 00037404
700 1# - ADDED ENTRY--PERSONAL NAME
Personal name Vanhoozer, Kevin J.
700 1# - ADDED ENTRY--PERSONAL NAME
Personal name Bartholomew, Craig G.,
Dates associated with a name 1961-
700 1# - ADDED ENTRY--PERSONAL NAME
Personal name Treier, Daniel J.,
Dates associated with a name 1972-
700 1# - ADDED ENTRY--PERSONAL NAME
Personal name Wright, N. T.
Fuller form of name (Nicholas Thomas)
856 ## - ELECTRONIC LOCATION AND ACCESS
Uniform Resource Identifier <a href="https://drive.google.com/file/d/10fc0qp3xrdMqacrdoLpBabImB-Myth0m/view?usp=sharing">https://drive.google.com/file/d/10fc0qp3xrdMqacrdoLpBabImB-Myth0m/view?usp=sharing</a>
942 ## - ADDED ENTRY ELEMENTS (KOHA)
Source of classification or shelving scheme Library of Congress Classification
Item type Books
Holdings
Withdrawn status Lost status Damaged status Not for loan Home library Current library Shelving location Date acquired Inventory number Shelving control number Total Checkouts Full call number Barcode Date last seen Price effective from Koha item type Source of classification or shelving scheme
        BSOP Library BSOP Library Reference 12/21/2000 32691 127   REFBS440/D56v/2005 00037404 02/23/2013 02/23/2013 Books  
        BSOP Library Digital Library   05/09/2024 eB-00285         05/09/2024 05/09/2024 eBooks Library of Congress Classification
BSOP

Biblical Seminary of the Philippines
  All rights Reserved
  © 2024

CONTACT INFORMATION

Biblical Seminary of the Philippines,
  77-B Karuhatan Road, Valenzuela City,
  PHILIPPINES 1441
  Phone: +632 8292-6795 / 8292-6798
  Fax : +632 8292-6675
  Email: library@bsop.edu.ph